Cliquez sur la bonne traduction en italien - Les animaux - Statistiques

Statistiques générales
  • Ce quiz a été pris 845 fois
  • Le résultat moyen est 16 sur 26
Statistiques - réponses
Hint Réponse % Correct
Loup Lupo
97%
Poisson Pesce
87%
Pingouin Pinguino
86%
Rhinocéros Rinoceronte
86%
Lion Leone
85%
Ours Orso
85%
Fourmi Formica
78%
Mouton Montone
78%
Pieuvre Polpo
74%
Pigeon Piccione
70%
Chèvre Capra
69%
Mouche Mosca
64%
Perroquet Pappagallo
64%
Papillon Farfalla
57%
Crevette Gambero
54%
Poule Gallina
53%
Singe Scimmia
52%
Oiseau Uccello
49%
Vache Mucca
40%
Ecureuil Scoiattolo
40%
Cochon Maiale
39%
Grenouille Rana
36%
Renard Volpe
34%
Araignée Ragno
31%
Escargot Lumaca
25%
Dinde Tacchino
19%
Aucun quiz correspondant
Distribution des résultats
% des personnes avec chaque résultat
Percentile par nombre de réponses
Votre historique - résultats
Vous n’avez pas pris ce quiz